| 000 | 00692nam a2200253Ia 4500 | ||
|---|---|---|---|
| 005 | 20250508164616.0 | ||
| 008 | 008 250505s9999 xx 000 0 eng d | ||
| 020 | _a978-0-7424-4715-5 | ||
| 037 | _aTextual | ||
| 040 |
_aFEDL _beng _cFEDL |
||
| 041 |
_aeng _2eng |
||
| 084 |
_a371.102, WAL _qFEDL |
||
| 100 | _aWallace Susan | ||
| 245 | 0 | _aMentoring | |
| 250 | _a2 | ||
| 260 |
_aExeter, UK _bLearning Matters Ltd. _c2007 |
||
| 300 | _a124p | ||
| 365 |
_aGBP _b15 |
||
| 546 | _aProfessional development in the lifelong learning sector | ||
| 650 | _aTeaching | ||
| 700 |
_a Gravells Jonathan _9778595 |
||
| 942 |
_cTEXL _h371.102, WAL |
||
| 999 |
_c1390128 _d1390128 |
||